Catàleg del Col·legi de Periodistes de Catalunya

Estudi sobre la tipologia i tractament informatiu que rep la joventut migrada sense referents familiars en els mitjans de comunicació i les xarxes socials [Recurs electrònic] (Registre núm. 7967)

000 -CABECERA
Campo de control de longitud fija 00858nam a22001697a 4500
008 - CAMPO FIJO DE DESCRIPCIÓN FIJA--INFORMACIÓN GENERAL
Campo de control de longitud fija 230717b ||||| |||| 00| 0 eng d
040 ## - FUENTE DE CATALOGACIÓN
Agencia de catalogación original CDMR
245 ## - MENCIÓN DE TÍTULO
Título Estudi sobre la tipologia i tractament informatiu que rep la joventut migrada sense referents familiars en els mitjans de comunicació i les xarxes socials [Recurs electrònic]
Mención de responsabilidad, etc. / estudi elaborat per Sònia Cormenzana, Joan Palomés ; amb el suport de Fundació Barça
260 ## - PUBLICACIÓN, DISTRIBUCIÓN, ETC (PIE DE IMPRENTA)
Lugar de publicación, distribución, etc. Barcelona :
Nombre del editor, distribuidor, etc. Col·legi de Periodistes de Catalunya,
Fecha de publicación, distribución, etc. 2021
300 ## - DESCRIPCIÓN FÍSICA
Extensión 1 recurs electrònic (162 pàgines)
650 #0 - ASIENTO SECUNDARIO DE MATERIA--TÉRMINO DE MATERIA
9 (RLIN) 4989
Nombre de materia o nombre geográfico como elemento de entrada Joves immigrants
Subdivisión general Cobertura periodística
650 #0 - ASIENTO SECUNDARIO DE MATERIA--TÉRMINO DE MATERIA
9 (RLIN) 4890
Nombre de materia o nombre geográfico como elemento de entrada Migració forçosa
Subdivisión de forma Cobertura periodística
700 ## - ENCABEZAMIENTO SECUNDARIO--NOMBRE PERSONAL
9 (RLIN) 4987
Nombre de persona Cormenzana, Sònia
700 ## - ENCABEZAMIENTO SECUNDARIO--NOMBRE PERSONAL
9 (RLIN) 4988
Nombre de persona Palomés, Joan
856 ## - ACCESO ELECTRÓNICO
Identificador uniforme del recurso URI <a href="https://omeka.periodistes.cat/items/show/647">https://omeka.periodistes.cat/items/show/647</a>
Nota Pública Accés en línia
942 ## - ELEMENTOS KOHA
Fuente de clasificación o esquema de ordenación en estanterías
Koha tipo de item Llibres electrònics
Fons
Suprimido Perdido Fuente de clasificación o esquema de ordenación en estanterías Estropeado No se presta Localización (Biblioteca) Sublocalización o Colección (subbiblioteca) Fecha de adquisición Koha signatura completa Koha Fecha de último uso Precio Koha tipo de item
          Centre de Documentació Montserrat Roig Centre de Documentació Montserrat Roig 2024-11-15 Disponible en línia 2024-11-15 2024-11-15 Llibres electrònics

Implantat amb Koha